| 000 | 00863nam a2200229Ia 4500 | ||
|---|---|---|---|
| 001 | 9956 | ||
| 003 | GE_BSU | ||
| 008 | 181216s||||||||xx |||||||||||||| ||und|| | ||
| 040 | _cGE_BSU | ||
| 080 | _a821.353.1(092ლეონიძე,გ)+821.353.1.09-1 | ||
| 100 | _aნიკოლეიშვილი,ავთანდილ | ||
| 245 | _aგიორგი ლეონიძის ლირიკა | ||
| 245 | _bგიორგი ლეონიძის პოეტური შემოქმედება | ||
| 245 | _cრედ:ომარ გვეტაძე | ||
| 260 | _aქუთაისი | ||
| 260 | _bსაწუთრო | ||
| 260 | _c1993. | ||
| 300 | _a172გვ;16სმ. | ||
| 541 | _h6ლ. | ||
| 653 | _aგიორგი ლეონიძის პოეტური შემოქმედება | ||
| 942 | _cBK | ||
| 999 |
_c43229 _d43229 |
||